Normal view
MARC view
Entry Topical Term
001 - CONTROL NUMBER
- control field: 15295
003 - CONTROL NUMBER IDENTIFIER
- control field: OSt
005 - DATE AND TIME OF LATEST TRANSACTION
- control field: 20211112154637.0
008 - FIXED-LENGTH DATA ELEMENTS
- fixed length control field: 211112|| aca||aabn | a|a d
040 ## - CATALOGING SOURCE
- Original cataloging agency: OSt
- Transcribing agency: OSt
150 ## - HEADING--TOPICAL TERM
- Topical term or geographic name entry element: Symbolism in architecture.
670 ## - SOURCE DATA FOUND
- Source citation: Work cat.: (OSt): Krampen, M 15292, Meaning in the urban environment , 2007.
